| 000 | 01228nam a2200289Ia 4500 | ||
|---|---|---|---|
| 008 | 130821s2011 ck gr spa | ||
| 020 | _a978 958 731 070 2 | ||
| 040 |
_aCo-BoUCM _bspa |
||
| 041 | 0 | 0 | _aspa |
| 245 | 0 | 0 |
_aDe la responsabilidad civil y comercial incidencias, en lo mercantil, de los cambios en la legislación civil y reflexiones sobre las SAS _cSergio Jaramillo Mejía ..[y otros autores] |
| 260 |
_aMedellín (Antioquia, Colombia) _bBiblioteca Jurídica Dike _c2011 |
||
| 300 | _a227 páginas. | ||
| 490 | 0 |
_aBiblioteca Jirídica Dike. _aJusticia en Griego / Eduardo Quince Álvarez |
|
| 650 |
_aDerecho ambiental _912703 |
||
| 650 |
_aDerecho civil _912711 |
||
| 650 |
_aDerecho comercial _912717 |
||
| 650 |
_aResponsabilidad civil _923668 |
||
| 700 | 1 |
_aGonzález Villa, Julio _9169578 |
|
| 700 | 1 |
_aJaramillo Mejía, Sergio _941866 |
|
| 700 | 1 |
_aValbuena Quiñones, Gustavo _9169579 |
|
| 700 | 1 |
_azapata García, Pedro Antonio _9169580 |
|
| 710 | 2 |
_aCámara de Comercio de Medellín _9161979 |
|
| 710 | 2 |
_aColegio de Abogados de Medellín _942573 |
|
| 710 | 2 |
_aUniversidad Externado de Colombia _93812 |
|
| 942 |
_cLIBRO _a8 _e1 _mC691d _2DEWEY _h346.0682 |
||
| 999 |
_c76813 _d76813 |
||